Income distribution policy in developing countries : (Record no. 45550)
[ view plain ]
| 000 -LEADER | |
|---|---|
| fixed length control field | 00915nam a2200265 a 4500 |
| 001 - CONTROL NUMBER | |
| control field | 45550 |
| 003 - CONTROL NUMBER IDENTIFIER | |
| rucl marc code | BD-RJUL |
| 005 - DATE AND TIME OF LATEST TRANSACTION | |
| control field | 20211209054030.0 |
| 008 - FIXED-LENGTH DATA ELEMENTS--GENERAL INFORMATION | |
| fixed length control field | 160727s1978 enk 000 0 eng d |
| 020 ## - INTERNATIONAL STANDARD BOOK NUMBER | |
| International Standard Book Number | 0804709254 |
| 035 ## - SYSTEM CONTROL NUMBER | |
| System control number | BD-RJUL 45668 |
| 040 ## - CATALOGING SOURCE | |
| Original cataloging agency | BD-RjUL |
| Language of cataloging | eng |
| Transcribing agency | BD-RjUL |
| 041 ## - LANGUAGE CODE | |
| Language code of text/sound track or separate title | eng |
| 082 ## - DEWEY DECIMAL CLASSIFICATION NUMBER | |
| Edition number | 23 |
| Classification number | 339.9519 |
| Author mark and year | ADI 1978 |
| 100 1# - MAIN ENTRY--PERSONAL NAME | |
| Personal name | Adelman, Irma. |
| 9 (RLIN) | 130642 |
| 245 10 - TITLE STATEMENT | |
| Title | Income distribution policy in developing countries : |
| Remainder of title | a case study of Korea / |
| Statement of responsibility, etc. | Irma Adelman & Sherman Robinson |
| 260 ## - PUBLICATION, DISTRIBUTION, ETC. (IMPRINT) | |
| Place of publication, distribution, etc. | Oxford : |
| Name of publisher, distributor, etc. | Oxford University Press for the World Bank, |
| Date of publication, distribution, etc. | 1978 |
| 300 ## - PHYSICAL DESCRIPTION | |
| Pagination | xix, 346 p : |
| Size | 24 cm |
| Illustrations | ill. ; |
| 500 ## - GENERAL NOTE | |
| General note | Bibliography: p.337-341. - Includes index |
| 650 #0 - SUBJECT ADDED ENTRY--TOPICAL TERM | |
| Topical term or geographic name as entry element | Income distribution |
| Geographic subdivision | Korea. |
| 9 (RLIN) | 139432 |
| Topical term or geographic name as entry element | Income distribution |
| General subdivision | Developing countries |
| -- | Case studies. |
| 9 (RLIN) | 139433 |
| 700 1# - ADDED ENTRY--PERSONAL NAME | |
| Personal name | Robinson, Sherman. |
| 710 2# - ADDED ENTRY--CORPORATE NAME | |
| Corporate name or jurisdiction name as entry element | World Bank. |
| 9 (RLIN) | 139435 |
| 942 ## - ADDED ENTRY ELEMENTS (KOHA) | |
| Source of classification or shelving scheme | Dewey Decimal Classification |
| Koha item type | Books |
| Lost status | Source of classification or shelving scheme | Damaged status | Not for loan | Collection code | Permanent Location | Current Location | Shelving location | Date acquired | Total Checkouts | Full call number | Date last seen | Copy number | Koha item type |
|---|---|---|---|---|---|---|---|---|---|---|---|---|---|
| Dewey Decimal Classification | Non-fiction | Central Library, University of Rajshahi | Central Library, University of Rajshahi | Newspapers Stack | 26/08/1990 | 339.9519 ADI 1978 | 27/07/2016 | C-2 | Books | ||||
| Dewey Decimal Classification | Not For Loan | Non-fiction | Central Library, University of Rajshahi | Central Library, University of Rajshahi | Reading Room | 23/09/1978 | 339.9519 ADI 1978 | 20/12/2016 | C-1 | Books |